000
00317nam a2200109Ia 4500
008
200302s9999 xx 000 0 und d
100
_a
Janet Rudge & Fergus nicol
245
_a
Cutting The Cost Of Cold(Ukp 65)- Affordable Warmth for healtheir homes
260
_b
E and F N Spon, London
260
_c
2000
300
_a
273
999
_c
4625
_d
4625